[Event "MCR zen a juniorek do 18 a 20"]
[Site "Havlickuv Brod (CZE)"]
[Date "2006.09.23"]
[Round "1.1"]
[White "Balkova, Anna"]
[Black "Pertlova, Sona"]
[Result "0-1"]
[WhiteElo "2014"]
[BlackElo "2102"]
[PlyCount "92"]
[EventDate "2006.09.23"]

1. e4 c5 2. Nf3 g6 3. d4 cxd4 4. Nxd4 Nf6 5. Nc3 Nc6 6. Bc4 Bg7 7. Bb3 O-O 8.
O-O d6 9. Re1 Bd7 10. Qd3 Rc8 11. Nxc6 Bxc6 12. Qg3 Qa5 13. Bd2 Rfe8 14. Rad1
Qh5 15. Qg5 Qxg5 16. Bxg5 h6 17. Bc1 Nd7 18. Nd5 Nc5 19. f3 Nxb3 20. cxb3 Bxd5
21. Rxd5 Rc2 22. Rd2 Rec8 23. Rxc2 Rxc2 24. Be3 Rxb2 25. Rc1 Rxa2 26. Rc4 Kh7
27. Rc7 Bf6 28. Rxb7 Ra3 29. Kf1 a5 30. Ke2 Ra2+ 31. Kf1 Ra3 32. Ke2 Kg7 33.
Rb5 Ra2+ 34. Kf1 Bc3 35. Bb6 Ra3 36. Bd8 e5 37. Bc7 Bb4 38. Rd5 Rxb3 39. Bxd6
Bxd6 40. Rxd6 a4 41. Ra6 a3 42. Kf2 Rb2+ 43. Kg3 a2 44. Kh3 Kf8 45. Ra7 Ke8 46.
Kg3 Kd8 0-1

[Event "MCR zen a juniorek do 18 a 20"]
[Site "Havlickuv Brod (CZE)"]
[Date "2006.09.23"]
[Round "1.2"]
[White "Krejcova, Katerina"]
[Black "Kulovana, Eva"]
[Result "0-1"]
[WhiteElo "2002"]
[BlackElo "2199"]
[PlyCount "88"]
[EventDate "2006.09.23"]

1. e4 e5 2. Nc3 Nf6 3. Bc4 Bb4 4. a3 Bxc3 5. dxc3 O-O 6. Bg5 h6 7. Bxf6 Qxf6 8.
Nf3 d6 9. Qd3 Nd7 10. O-O Qg6 11. Nd2 Nf6 12. Rfe1 Nh5 13. Nf1 Kh8 14. Rad1 f5
15. Rd2 Rb8 16. Bb3 a6 17. Qc4 Nf4 18. Ne3 c6 19. Red1 fxe4 20. Rxd6 Nh3+ 21.
Kf1 Qg5 22. gxh3 Qxe3 23. Qg8+ Rxg8 24. fxe3 Bxh3+ 25. Ke1 Rgf8 26. Be6 Rf3 27.
Ke2 Rbf8 28. Bxh3 Rxh3 29. Rg1 Rxh2+ 30. Kd1 Rf7 31. Rd8+ Kh7 32. Re8 Rd7+ 33.
Ke1 Rdd2 34. Re7 Rxc2 35. Kd1 Rhg2 36. Rxg2 Rxg2 37. Rxb7 h5 38. Re7 h4 39.
Rxe5 g5 40. Ke1 h3 41. Kf1 Kg6 42. Rxe4 Rxb2 43. Re6+ Kh5 44. Kg1 Kh4 0-1

[Event "MCR zen a juniorek do 18 a 20"]
[Site "Havlickuv Brod (CZE)"]
[Date "2006.09.23"]
[Round "1.3"]
[White "Mareckova, Martina"]
[Black "Nemcova, Kristyna"]
[Result "1/2-1/2"]
[WhiteElo "1941"]
[BlackElo "2022"]
[PlyCount "55"]
[EventDate "2006.09.23"]

1. e4 d5 2. exd5 Nf6 3. d4 Nxd5 4. Nf3 Bg4 5. Be2 e6 6. O-O Nc6 7. c3 Be7 8.
Ne5 Bxe2 9. Qxe2 O-O 10. Nxc6 bxc6 11. Nd2 a5 12. Nc4 c5 13. dxc5 Bxc5 14. Be3
Nxe3 15. Nxe3 Qg5 16. f4 Qg6 17. Kh1 Qe4 18. Rae1 Bxe3 19. Qxe3 Qd5 20. b3 a4
21. Rd1 Qc6 22. Rf3 axb3 23. axb3 Ra2 24. Qd4 f6 25. h3 Qa6 26. Qd3 Qb6 27. Qc4
Kh8 28. Rfd3 1/2-1/2

[Event "MCR zen a juniorek do 18 a 20"]
[Site "Havlickuv Brod (CZE)"]
[Date "2006.09.23"]
[Round "1.4"]
[White "Novosadova, Kristyna"]
[Black "Vranova, Jarmila"]
[Result "1-0"]
[WhiteElo "1985"]
[BlackElo "1868"]
[PlyCount "74"]
[EventDate "2006.09.23"]

1. e4 c6 2. d4 d5 3. Nc3 dxe4 4. Nxe4 Bf5 5. Ng3 Bg6 6. h4 h6 7. Nf3 Nd7 8. h5
Bh7 9. Bd3 Bxd3 10. Qxd3 Ngf6 11. c4 Qc7 12. Rh4 e6 13. Bf4 Bd6 14. Qe3 Bxf4
15. Qxf4 Qxf4 16. Rxf4 O-O 17. Kf1 Nb6 18. Ne5 Rad8 19. Re1 a5 20. Re3 Nbd7 21.
Ke2 Rc8 22. Nxd7 Nxd7 23. Ne4 Rc7 24. Rg3 f5 25. Nd6 Nf6 26. Re3 Re7 27. Nxf5
Ref7 28. Nd6 Re7 29. g4 Rd8 30. Ne4 Nxe4 31. Rexe4 b6 32. Re5 Rf8 33. Rxf8+
Kxf8 34. Ke3 g6 35. hxg6 Kg7 36. d5 cxd5 37. cxd5 exd5 1-0

[Event "MCR zen a juniorek do 18 a 20"]
[Site "Havlickuv Brod (CZE)"]
[Date "2006.09.24"]
[Round "2.3"]
[White "Nemcova, Kristyna"]
[Black "Novosadova, Kristyna"]
[Result "0-1"]
[WhiteElo "2022"]
[BlackElo "1985"]
[PlyCount "68"]
[EventDate "2006.09.23"]

1. e4 e5 2. Nf3 Nc6 3. d4 exd4 4. Nxd4 Bc5 5. Nf5 Qf6 6. Nc3 Nge7 7. Ne3 d6 8.
g3 h5 9. h3 Ne5 10. f4 Qg6 11. Rg1 N5c6 12. f5 Qf6 13. Rg2 Bd7 14. Ned5 Nxd5
15. Nxd5 Qd8 16. h4 Ne5 17. Be2 c6 18. Nf4 Qb6 19. Nxh5 O-O-O 20. c3 d5 21. b4
Bf8 22. Bf4 f6 23. Qc2 d4 24. Bxe5 fxe5 25. a3 d3 26. Qxd3 Be8 27. Qc4 Bxh5 28.
Qe6+ Kb8 29. Bxh5 Rxh5 30. Qxe5+ Bd6 31. Qxg7 Qe3+ 32. Kf1 Qxe4 33. g4 Rxh4 34.
Kg1 Qe3+ 0-1

[Event "MCR zen a juniorek do 18 a 20"]
[Site "Havlickuv Brod (CZE)"]
[Date "2006.09.24"]
[Round "2.4"]
[White "Kulovana, Eva"]
[Black "Mareckova, Martina"]
[Result "0-1"]
[WhiteElo "2199"]
[BlackElo "1941"]
[PlyCount "78"]
[EventDate "2006.09.23"]

1. e4 e5 2. Nf3 Nc6 3. Bb5 d6 4. d4 Bd7 5. Nc3 Nf6 6. O-O Be7 7. Re1 O-O 8. h3
exd4 9. Nxd4 Re8 10. Nxc6 Bxc6 11. Bxc6 bxc6 12. Bf4 Bf8 13. Qf3 Nd7 14. Rad1
Qf6 15. Qg3 Rab8 16. Bc1 Qg6 17. Qe3 Nb6 18. Qf4 Re5 19. Re3 Rg5 20. g4 Be7 21.
Re2 Re5 22. Rd3 Bg5 23. Qxg5 Rxg5 24. Bxg5 Qxg5 25. b3 Re8 26. Kg2 h5 27. Kg3
h4+ 28. Kg2 d5 29. a4 a5 30. Rf3 g6 31. Rd3 Nd7 32. exd5 Rxe2 33. Nxe2 cxd5 34.
Nd4 Ne5 35. Re3 Nxg4 36. Re8+ Kg7 37. Nf3 Qf4 38. Re2 d4 39. Rd2 Ne3+ 0-1

[Event "MCR zen a juniorek do 18 a 20"]
[Site "Havlickuv Brod (CZE)"]
[Date "2006.09.24"]
[Round "2.5"]
[White "Balkova, Anna"]
[Black "Krejcova, Katerina"]
[Result "1-0"]
[WhiteElo "2014"]
[BlackElo "2002"]
[PlyCount "53"]
[EventDate "2006.09.23"]

1. e4 c5 2. Nf3 d6 3. d4 cxd4 4. Nxd4 Nf6 5. Nc3 a6 6. Bc4 e6 7. Bb3 Nbd7 8.
O-O Nc5 9. f4 Nfxe4 10. f5 e5 11. Nxe4 Nxe4 12. Qh5 d5 13. Re1 Bc5 14. Rxe4
Bxd4+ 15. Rxd4 exd4 16. Bg5 Qa5 17. Qe2+ Kd7 18. Qe7+ Kc6 19. Bf4 Qd8 20. Qe5
a5 21. c4 dxc4 22. Bxc4 b6 23. Rc1 Kb7 24. Bd5+ Ka6 25. Rc7 Rb8 26. Bc4+ b5 27.
Ra7+ 1-0

[Event "MCR zen a juniorek do 18 a 20"]
[Site "Havlickuv Brod (CZE)"]
[Date "2006.09.25"]
[Round "3.1"]
[White "Krejcova, Katerina"]
[Black "Pertlova, Sona"]
[Result "0-1"]
[WhiteElo "2002"]
[BlackElo "2102"]
[PlyCount "70"]
[EventDate "2006.09.23"]

1. e4 c5 2. Nf3 e6 3. d4 cxd4 4. Nxd4 a6 5. f4 Qc7 6. Be2 b5 7. a4 b4 8. O-O
Bb7 9. Bf3 d6 10. c3 Nf6 11. e5 dxe5 12. fxe5 Nd5 13. cxb4 Bxb4 14. Kh1 Nd7 15.
Bh5 O-O 16. Nc3 Nxc3 17. bxc3 Bxc3 18. Rb1 Be4 19. Rb3 Bd5 20. Ra3 Rac8 21. Bf4
Qc5 22. Rxc3 Qxc3 23. Nf5 exf5 24. Qxd5 Qc4 25. Qd1 Nc5 26. Be2 Qe4 27. Bg3
Rfd8 28. Qe1 Nd3 29. Bxd3 Qxe1 30. Rxe1 Rxd3 31. Kg1 Ra3 32. Rf1 Rc2 33. Rxf5
Ra1+ 34. Rf1 Rxf1+ 35. Kxf1 Ra2 0-1

[Event "MCR zen a juniorek do 18 a 20"]
[Site "Havlickuv Brod (CZE)"]
[Date "2006.09.25"]
[Round "3.2"]
[White "Mareckova, Martina"]
[Black "Balkova, Anna"]
[Result "1/2-1/2"]
[WhiteElo "1941"]
[BlackElo "2014"]
[PlyCount "50"]
[EventDate "2006.09.23"]

1. e4 c5 2. Ne2 Nc6 3. Nbc3 g6 4. d4 cxd4 5. Nxd4 Bg7 6. Be3 Nf6 7. Be2 d5 8.
exd5 Nxd5 9. Nxd5 Qxd5 10. Nxc6 Qxc6 11. O-O O-O 12. c3 Bf5 13. Bf3 Be4 14.
Bxe4 Qxe4 15. Re1 Qf5 16. Qb3 b6 17. Rad1 Rad8 18. Qa4 a5 19. Rxd8 Rxd8 20.
Bxb6 Rb8 21. Qxa5 Qxa5 22. Bxa5 Rxb2 23. Bb4 Rxa2 24. Bxe7 Bxc3 25. Rd1 Ra1
1/2-1/2

[Event "MCR zen a juniorek do 18 a 20"]
[Site "Havlickuv Brod (CZE)"]
[Date "2006.09.25"]
[Round "3.3"]
[White "Novosadova, Kristyna"]
[Black "Kulovana, Eva"]
[Result "1/2-1/2"]
[WhiteElo "1985"]
[BlackElo "2199"]
[PlyCount "125"]
[EventDate "2006.09.23"]

1. e4 c5 2. Nf3 Nc6 3. c3 e6 4. d4 d5 5. exd5 Qxd5 6. Be3 cxd4 7. cxd4 Nf6 8.
Nc3 Qa5 9. Nd2 Bb4 10. Rc1 Nd5 11. Nxd5 Qxd5 12. a3 Be7 13. Be2 O-O 14. Bf3 Qb5
15. Nc4 Rd8 16. O-O Bf6 17. a4 Qb4 18. Bd2 Qf8 19. Bxc6 bxc6 20. Na5 Rxd4 21.
Nxc6 Rd7 22. Qc2 Bb7 23. Bb4 Qc8 24. Na5 Qxc2 25. Rxc2 Be4 26. Re2 Rd4 27. Bc3
Rxa4 28. b3 Ra3 29. Bb4 Bd3 30. Rd2 Bxf1 31. Bxa3 Bb5 32. Nb7 Rb8 33. Nd6 Ba6
34. b4 Rd8 35. Ne4 Rxd2 36. Nxd2 Bd3 37. Nb3 Bc4 38. Nc5 Bd4 39. g3 f5 40. Kg2
e5 41. h3 Kf7 42. Kf3 Ke7 43. Na4 Ke6 44. Nb2 Bb5 45. Nd1 h6 46. Ne3 e4+ 47.
Kg2 g5 48. g4 f4 49. Nf5 Bb6 50. Bc1 Kd5 51. Nxh6 e3 52. fxe3 fxe3 53. Nf7 e2
54. Bd2 Be3 55. Be1 Bf4 56. Kf3 Kd4 57. h4 Kd3 58. Nxg5 Bd2 59. Kf2 Be3+ 60.
Kg3 Bxg5 61. hxg5 Be8 62. Kf2 a6 63. Kg3 1/2-1/2

[Event "MCR zen a juniorek do 18 a 20"]
[Site "Havlickuv Brod (CZE)"]
[Date "2006.09.25"]
[Round "3.5"]
[White "Nemcova, Katerina"]
[Black "Vranova, Jarmila"]
[Result "1-0"]
[WhiteElo "2169"]
[BlackElo "1868"]
[PlyCount "89"]
[EventDate "2006.09.23"]

1. e4 c6 2. d4 d5 3. Nd2 dxe4 4. Nxe4 Nd7 5. Bd3 Ngf6 6. Ng5 h6 7. Ne6 Qa5+ 8.
Bd2 Qb6 9. Nxf8 Nxf8 10. Ne2 Qxb2 11. O-O Ne6 12. Kh1 Nd5 13. c4 Nf6 14. Rb1
Qxa2 15. Bb4 c5 16. dxc5 Qa6 17. Qd2 Qc6 18. Qe3 Ng4 19. Qe4 Qxe4 20. Bxe4 Ng5
21. Bc2 Bd7 22. h3 Nf6 23. Nd4 O-O 24. c6 bxc6 25. Bxe7 Rfe8 26. Bxf6 gxf6 27.
Rb7 Be6 28. Nxc6 Bxc4 29. Rc1 Bd5 30. Ne7+ Rxe7 31. Rxe7 Nxh3 32. f3 Kf8 33.
Rd7 Nf4 34. Rxd5 Nxd5 35. Be4 Rd8 36. Rd1 a5 37. Rxd5 Rxd5 38. Bxd5 a4 39. Kh2
a3 40. Kg3 Kg7 41. Kf4 h5 42. Kf5 h4 43. Ba2 Kh6 44. Bxf7 Kg7 45. Ba2 1-0

[Event "MCR zen a juniorek do 18 a 20"]
[Site "Havlickuv Brod (CZE)"]
[Date "2006.09.26"]
[Round "4.1"]
[White "Pertlova, Sona"]
[Black "Vranova, Jarmila"]
[Result "1-0"]
[WhiteElo "2102"]
[BlackElo "1868"]
[PlyCount "63"]
[EventDate "2006.09.23"]

1. Nf3 f5 2. g3 g6 3. Bg2 Bg7 4. d4 Nf6 5. O-O O-O 6. b3 Ne4 7. Bb2 c5 8. Nbd2
Nc6 9. e3 Qa5 10. Nc4 Qd8 11. d5 Bxb2 12. Nxb2 Nb4 13. c4 Nc3 14. Qd2 Ne4 15.
Qc1 Qc7 16. a3 Na6 17. Nd3 e6 18. Nd2 Nf6 19. e4 fxe4 20. Nxe4 exd5 21. Nxf6+
Rxf6 22. Qg5 Rf5 23. Bxd5+ Kh8 24. Qe7 d6 25. Qe8+ Kg7 26. Rfe1 Qb6 27. Qg8+
Kf6 28. Qh8+ Kg5 29. Qxh7 Kf6 30. f4 Rxd5 31. Qe7+ Kf5 32. Qg5# 1-0

[Event "MCR zen a juniorek do 18 a 20"]
[Site "Havlickuv Brod (CZE)"]
[Date "2006.09.26"]
[Round "4.2"]
[White "Nemcova, Kristyna"]
[Black "Nemcova, Katerina"]
[Result "1/2-1/2"]
[WhiteElo "2022"]
[BlackElo "2169"]
[PlyCount "44"]
[EventDate "2006.09.23"]

1. e4 d5 2. exd5 Nf6 3. d4 Nxd5 4. Nc3 c6 5. Bc4 e6 6. Nf3 Be7 7. O-O O-O 8.
Re1 Nd7 9. Bxd5 exd5 10. Bf4 Nf6 11. Qd3 h6 12. Ne5 Nh5 13. Bg3 Nxg3 14. hxg3
Bd6 15. Na4 Qc7 16. Qc3 Bf5 17. Nc5 Rae8 18. Nf3 b6 19. Nd3 Bxd3 20. Qxd3 Qd7
21. c3 Rxe1+ 22. Rxe1 Re8 1/2-1/2

[Event "MCR zen a juniorek do 18 a 20"]
[Site "Havlickuv Brod (CZE)"]
[Date "2006.09.26"]
[Round "4.4"]
[White "Balkova, Anna"]
[Black "Novosadova, Kristyna"]
[Result "1/2-1/2"]
[WhiteElo "2014"]
[BlackElo "1985"]
[PlyCount "52"]
[EventDate "2006.09.23"]

1. e4 e5 2. Nf3 Nc6 3. Bb5 f5 4. d3 fxe4 5. dxe4 Nf6 6. O-O Bc5 7. Bxc6 bxc6 8.
Nxe5 O-O 9. Nd3 Bb6 10. e5 Ne4 11. Qe2 Qh4 12. Be3 Rf5 13. Bxb6 Rh5 14. h3 d5
15. Nf4 Rh6 16. Be3 g5 17. g3 Nxg3 18. fxg3 Qxg3+ 19. Ng2 Rxh3 20. Rf6 Bg4 21.
Qf2 Qh2+ 22. Kf1 Qxe5 23. Kg1 Qh2+ 24. Kf1 Qe5 25. Kg1 Qh2+ 26. Kf1 Qe5 1/2-1/2

[Event "MCR zen a juniorek do 18 a 20"]
[Site "Havlickuv Brod (CZE)"]
[Date "2006.09.26"]
[Round "4.5"]
[White "Krejcova, Katerina"]
[Black "Mareckova, Martina"]
[Result "1-0"]
[WhiteElo "2002"]
[BlackElo "1941"]
[PlyCount "73"]
[EventDate "2006.09.23"]

1. e4 e5 2. Nc3 Nf6 3. Bc4 Nc6 4. d3 Na5 5. Nf3 Nxc4 6. dxc4 d6 7. Bg5 c6 8.
Qd2 Be6 9. b3 h6 10. Bh4 Be7 11. h3 Qc7 12. g4 O-O-O 13. Qe3 Kb8 14. O-O-O Qa5
15. Kb1 Ka8 16. Rd3 g5 17. Bg3 Nd7 18. Rhd1 Nc5 19. R3d2 Qb4 20. Ka1 h5 21.
gxh5 f6 22. h4 g4 23. Ne1 Rxh5 24. f3 gxf3 25. Bf2 Rg8 26. Na4 b6 27. Nxc5 bxc5
28. Nxf3 Rb8 29. Qd3 f5 30. Rg1 fxe4 31. Qxe4 d5 32. Qg6 e4 33. Qxe6 exf3 34.
Qxc6+ Qb7 35. Qxb7+ Kxb7 36. Rg7 Re5 37. Bg3 1-0

[Event "MCR zen a juniorek do 18 a 20"]
[Site "Havlickuv Brod (CZE)"]
[Date "2006.09.27"]
[Round "5.1"]
[White "Mareckova, Martina"]
[Black "Pertlova, Sona"]
[Result "1/2-1/2"]
[WhiteElo "1941"]
[BlackElo "2102"]
[PlyCount "26"]
[EventDate "2006.09.23"]

1. e4 d5 2. exd5 Nf6 3. d4 Nxd5 4. Nf3 Bg4 5. Be2 e6 6. O-O Nc6 7. Re1 Be7 8.
c3 O-O 9. Nbd2 Nf4 10. Bf1 Bd6 11. Ne4 h6 12. h3 Bh5 13. Nxd6 Qxd6 1/2-1/2

[Event "MCR zen a juniorek do 18 a 20"]
[Site "Havlickuv Brod (CZE)"]
[Date "2006.09.27"]
[Round "5.2"]
[White "Novosadova, Kristyna"]
[Black "Krejcova, Katerina"]
[Result "1-0"]
[WhiteElo "1985"]
[BlackElo "2002"]
[PlyCount "51"]
[EventDate "2006.09.23"]

1. e4 e6 2. d4 d5 3. Nc3 Bb4 4. Nge2 dxe4 5. a3 Be7 6. Nxe4 Nf6 7. N2g3 O-O 8.
Nxf6+ Bxf6 9. Be3 c5 10. Ne4 Bxd4 11. Bd3 f5 12. Bxd4 fxe4 13. Bxc5 exd3 14.
Bxf8 Kxf8 15. O-O Nc6 16. Qf3+ Kg8 17. Rad1 Ne5 18. Qh5 Ng6 19. Rxd3 Qe7 20.
Rfd1 e5 21. Rd8+ Kf7 22. Rxc8 Rxc8 23. Qf5+ Qf6 24. Qxc8 Qb6 25. Rd7+ Kf6 26.
Qxb7 1-0

[Event "MCR zen a juniorek do 18 a 20"]
[Site "Havlickuv Brod (CZE)"]
[Date "2006.09.27"]
[Round "5.4"]
[White "Nemcova, Katerina"]
[Black "Kulovana, Eva"]
[Result "0-1"]
[WhiteElo "2169"]
[BlackElo "2199"]
[PlyCount "84"]
[EventDate "2006.09.23"]

1. e4 e5 2. f4 d5 3. exd5 c6 4. Qf3 exf4 5. d4 Qh4+ 6. Qf2 Qxf2+ 7. Kxf2 Bd6 8.
dxc6 Nxc6 9. Bb5 Nge7 10. Ne2 O-O 11. c3 g5 12. Nd2 Bf5 13. Nf3 h6 14. Rd1 Rad8
15. b3 Rfe8 16. h3 Nd5 17. Bb2 Ne3 18. Rd2 a6 19. Bxc6 bxc6 20. c4 Be4 21. Bc3
f5 22. Ne1 Nxg2 23. Nxg2 f3 24. Ba5 Rd7 25. Ne3 fxe2 26. Rxe2 Rde7 27. Rae1 Kf7
28. c5 Bb8 29. Nc4 Bd3 30. Ne5+ Bxe5 31. Rxe5 Rxe5 32. dxe5 Be4 33. Bc7 Bd5 34.
Rd1 Ke6 35. Rd4 f4 36. Rb4 Kf5 37. Bd6 h5 38. Rd4 Be4 39. b4 g4 40. h4 g3+ 41.
Kg1 Re6 42. a4 f3 0-1

[Event "MCR zen a juniorek do 18 a 20"]
[Site "Havlickuv Brod (CZE)"]
[Date "2006.09.27"]
[Round "5.5"]
[White "Vranova, Jarmila"]
[Black "Nemcova, Kristyna"]
[Result "0-1"]
[WhiteElo "1868"]
[BlackElo "2022"]
[PlyCount "110"]
[EventDate "2006.09.23"]

1. d4 Nf6 2. c4 g6 3. g3 Bg7 4. Nf3 O-O 5. Bg2 d6 6. O-O c6 7. Nc3 a5 8. Re1
Qc7 9. e4 e5 10. d5 Na6 11. dxc6 bxc6 12. Na4 Rb8 13. Rb1 Nh5 14. Nh4 Be6 15.
b3 Rfd8 16. Bg5 Rd7 17. Qe2 Bf6 18. Bxf6 Nxf6 19. h3 Qa7 20. Kh2 Nc5 21. f4
Nxa4 22. bxa4 Rdb7 23. Rxb7 Rxb7 24. f5 Bc8 25. fxg6 fxg6 26. Rf1 Rf7 27. Kh1
Qc5 28. Qd2 Nxe4 29. Qe1 Nf2+ 30. Kh2 Nd3 31. Qe2 Nb4 32. Rxf7 Kxf7 33. Qf3+
Kg7 34. a3 Nc2 35. Qxc6 Qxc6 36. Bxc6 Nxa3 37. Bb5 Be6 38. Nf3 Bxc4 39. Bc6 Ba2
40. Kg1 Kf6 41. Nd2 d5 42. Kf2 Nc2 43. Bd7 e4 44. Nf1 Ke5 45. Nh2 h5 46. Ke2
Bc4+ 47. Kd1 Ne3+ 48. Kd2 Nf1+ 49. Nxf1 Bxf1 50. h4 d4 51. Be8 e3+ 52. Ke1 Bd3
53. Bf7 Kf5 54. Be8 Kg4 55. Bb5 Bc2 0-1

[Event "MCR zen a juniorek do 18 a 20"]
[Site "Havlickuv Brod (CZE)"]
[Date "2006.09.29"]
[Round "6.1"]
[White "Pertlova, Sona"]
[Black "Nemcova, Kristyna"]
[Result "1-0"]
[WhiteElo "2102"]
[BlackElo "2022"]
[PlyCount "143"]
[EventDate "2006.09.23"]

1. d4 d5 2. g3 g6 3. Nf3 Bg7 4. Bg2 Nf6 5. c4 dxc4 6. Nc3 O-O 7. O-O Nbd7 8. e4
Nb6 9. a4 a5 10. h3 Nfd7 11. Be3 c6 12. Qe2 Qc7 13. Rfd1 Re8 14. Nd2 e6 15.
Rac1 Nb8 16. f4 Na6 17. Nxc4 Nxc4 18. Qxc4 Qe7 19. Kh2 Rb8 20. e5 Bd7 21. Ne4
b5 22. Qe2 Red8 23. Bd2 Nb4 24. Nc5 bxa4 25. Ra1 Bc8 26. Bc3 Qc7 27. Rxa4 Bf8
28. Bxb4 Rxb4 29. Rxb4 axb4 30. Ne4 Qb6 31. Qc2 Kg7 32. Nc5 Qb5 33. Nb3 Bb7 34.
Bf1 Qb6 35. Nc5 Ba8 36. Bg2 Qb5 37. Bf1 Qb6 38. h4 h5 39. Bg2 Qb5 40. Nb3 Qb6
41. Ra1 Bb7 42. Qc4 Ra8 43. Rxa8 Bxa8 44. Nc5 Qa5 45. Nd7 Qa4 46. Nb6 Qa7 47.
Nxa8 Qxa8 48. Bxc6 Qa1 49. b3 Qb2+ 50. Bg2 Qd2 51. Kh3 Qd1 52. d5 Qg4+ 53. Kh2
exd5 54. Bxd5 Qd7 55. Kg2 Be7 56. Bxf7 Bxh4 57. gxh4 Qg4+ 58. Kf1 Qh3+ 59. Ke2
Qg2+ 60. Ke3 Qg3+ 61. Ke4 Qg2+ 62. Kd4 Qf2+ 63. Ke4 Qg2+ 64. Kd4 Qf2+ 65. Kd5
Kxf7 66. Qxb4 Qf3+ 67. Kc5 Qf2+ 68. Kb5 Qxh4 69. Qc4+ Kg7 70. e6 Qe7 71. Qd4+
Kh6 72. Qh8+ 1-0

[Event "MCR zen a juniorek do 18 a 20"]
[Site "Havlickuv Brod (CZE)"]
[Date "2006.09.29"]
[Round "6.2"]
[White "Kulovana, Eva"]
[Black "Vranova, Jarmila"]
[Result "1-0"]
[WhiteElo "2199"]
[BlackElo "1868"]
[PlyCount "53"]
[EventDate "2006.09.23"]

1. e4 c6 2. d4 d5 3. Nd2 dxe4 4. Nxe4 Nd7 5. Ng5 Ngf6 6. Bd3 g6 7. N1f3 Qa5+ 8.
c3 Bg7 9. O-O O-O 10. Re1 e6 11. Bf4 Nh5 12. Bd6 Re8 13. h3 Qb6 14. Qb3 c5 15.
Qxb6 axb6 16. Bb5 h6 17. Ne4 cxd4 18. cxd4 Nhf6 19. Nxf6+ Bxf6 20. Ne5 Bxe5 21.
dxe5 Kg7 22. a4 Rh8 23. Rac1 Nb8 24. Be7 Rg8 25. Rc7 Na6 26. Bf6+ Kf8 27. Rd1
1-0

[Event "MCR zen a juniorek do 18 a 20"]
[Site "Havlickuv Brod (CZE)"]
[Date "2006.09.29"]
[Round "6.3"]
[White "Balkova, Anna"]
[Black "Nemcova, Katerina"]
[Result "0-1"]
[WhiteElo "2014"]
[BlackElo "2169"]
[PlyCount "58"]
[EventDate "2006.09.23"]

1. e4 c5 2. Nf3 Nc6 3. d4 cxd4 4. Nxd4 Qc7 5. Nc3 e6 6. Ndb5 Qb8 7. Be3 Nf6 8.
f4 d6 9. Be2 Be7 10. Bf3 O-O 11. g4 a6 12. Na3 Nd7 13. g5 b5 14. Ne2 Bb7 15.
Ng3 Qc7 16. O-O Rfe8 17. Bg2 Bf8 18. h4 Nb6 19. b3 d5 20. Nb1 dxe4 21. Bxe4 Nd5
22. Bd2 Rad8 23. Qh5 g6 24. Qf3 Bg7 25. c3 b4 26. h5 bxc3 27. Nxc3 Nd4 28. Qf2
Nxc3 29. Bxb7 Nc2 0-1

[Event "MCR zen a juniorek do 18 a 20"]
[Site "Havlickuv Brod (CZE)"]
[Date "2006.09.29"]
[Round "6.5"]
[White "Mareckova, Martina"]
[Black "Novosadova, Kristyna"]
[Result "0-1"]
[WhiteElo "1941"]
[BlackElo "1985"]
[PlyCount "72"]
[EventDate "2006.09.23"]

1. e4 e5 2. Nf3 Nc6 3. Bc4 Nf6 4. d3 h6 5. c3 d6 6. h3 g6 7. Nbd2 Bg7 8. Bb3
Qe7 9. Qe2 Nh5 10. Nc4 Bd7 11. Bd2 O-O 12. O-O-O b5 13. Ne3 Nf4 14. Qf1 Na5 15.
Bc2 c6 16. h4 Be6 17. Kb1 Qb7 18. g3 Nh5 19. g4 Nf4 20. Rg1 Qa6 21. b3 c5 22.
Nf5 c4 23. dxc4 Nxc4 24. Bc1 Rfe8 25. Nxg7 Kxg7 26. Qe1 Na3+ 27. Bxa3 Qxa3 28.
Qe3 Rac8 29. Rd2 Rc6 30. Bd1 Rec8 31. Rc2 Ra6 32. Rb2 Qc5 33. Ne1 Qxc3 34. Rc2
Qa5 35. Rd2 Rc3 36. Nd3 Nxd3 0-1

[Event "MCR zen a juniorek do 18 a 20"]
[Site "Havlickuv Brod (CZE)"]
[Date "2006.09.29"]
[Round "7.1"]
[White "Novosadova, Kristyna"]
[Black "Pertlova, Sona"]
[Result "0-1"]
[WhiteElo "1985"]
[BlackElo "2102"]
[PlyCount "70"]
[EventDate "2006.09.23"]

1. e4 d5 2. exd5 Nf6 3. d4 Nxd5 4. c4 Nb6 5. Nf3 Bg4 6. Be2 e6 7. O-O Nc6 8.
Be3 Bxf3 9. Bxf3 Nxc4 10. Bxc6+ bxc6 11. Qa4 Nb6 12. Qxc6+ Qd7 13. Qxd7+ Kxd7
14. Nc3 Be7 15. b3 a5 16. Rac1 Bb4 17. Rfd1 Bxc3 18. Rxc3 Nd5 19. Rc4 Rhb8 20.
Rdc1 a4 21. Rxa4 Rxa4 22. bxa4 Rb4 23. a5 Ra4 24. Rc5 Rxa2 25. h3 Ra3 26. Bd2
Rd3 27. Be1 Rxd4 28. a6 Rd1 29. Kf1 Ra1 30. Ra5 Rxa5 31. Bxa5 Kc8 32. Ke2 Kb8
33. g3 Ka7 34. Kd3 Kxa6 35. Bd2 Kb5 0-1

[Event "MCR zen a juniorek do 18 a 20"]
[Site "Havlickuv Brod (CZE)"]
[Date "2006.09.29"]
[Round "7.3"]
[White "Nemcova, Katerina"]
[Black "Krejcova, Katerina"]
[Result "1-0"]
[WhiteElo "2169"]
[BlackElo "2002"]
[PlyCount "43"]
[EventDate "2006.09.23"]

1. e4 c5 2. Nf3 d6 3. d4 cxd4 4. Nxd4 Nf6 5. Nc3 a6 6. Bc4 e6 7. Bb3 Nbd7 8. f4
Nc5 9. e5 dxe5 10. fxe5 Nxb3 11. axb3 Nd5 12. O-O Bc5 13. Ne4 Bxd4+ 14. Qxd4
O-O 15. Bg5 Qb6 16. Qxb6 Nxb6 17. Nd6 Nd7 18. Be7 Nxe5 19. Rae1 Ng4 20. Bxf8
Kxf8 21. Rxf7+ Kg8 22. Rc7 1-0

[Event "MCR zen a juniorek do 18 a 20"]
[Site "Havlickuv Brod (CZE)"]
[Date "2006.09.29"]
[Round "7.4"]
[White "Vranova, Jarmila"]
[Black "Balkova, Anna"]
[Result "0-1"]
[WhiteElo "1868"]
[BlackElo "2014"]
[PlyCount "68"]
[EventDate "2006.09.23"]

1. e4 c5 2. c3 d5 3. exd5 Qxd5 4. d4 g6 5. Nf3 Bg7 6. Be2 cxd4 7. cxd4 Nf6 8.
Nc3 Qd8 9. Bf4 O-O 10. Nb5 Nd5 11. Bxb8 Rxb8 12. Nxa7 Qa5+ 13. Qd2 Qxa7 14. O-O
Be6 15. a3 Rbd8 16. Rad1 Nc7 17. Qf4 Qb6 18. Qh4 Bb3 19. Rd2 Ne6 20. Ng5 Nxg5
21. Qxg5 Bxd4 22. Bf3 Rd6 23. Qxe7 Bc4 24. Rc1 Rfd8 25. Kh1 R6d7 26. Qh4 Bf6
27. Rxd7 Bxh4 28. Rxd8+ Bxd8 29. Rxc4 Qxb2 30. h3 Bb6 31. Rb4 Qc1+ 32. Kh2 Bxf2
33. h4 Qg1+ 34. Kh3 Qh1+ 0-1

[Event "MCR zen a juniorek do 18 a 20"]
[Site "Havlickuv Brod (CZE)"]
[Date "2006.09.29"]
[Round "7.5"]
[White "Nemcova, Kristyna"]
[Black "Kulovana, Eva"]
[Result "0-1"]
[WhiteElo "2022"]
[BlackElo "2199"]
[PlyCount "56"]
[EventDate "2006.09.23"]

1. e4 e5 2. Nf3 Nc6 3. d4 exd4 4. Nxd4 Bc5 5. Be3 Qf6 6. c3 Nge7 7. g3 h5 8. h4
b6 9. Bg2 Bb7 10. O-O O-O-O 11. Qa4 d5 12. exd5 Rxd5 13. Bg5 Qg6 14. Nxc6 Bxc6
15. Qa6+ Kb8 16. Na3 Rxg5 17. hxg5 h4 18. Nb5 Nc8 19. Nd4 Bxd4 20. cxd4 Bxg2
21. Kxg2 Qe4+ 22. Kh3 hxg3+ 23. Kxg3 Rh4 24. f4 Qh7 25. Kf3 Rh3+ 26. Kg2 Rh2+
27. Kf3 Qh3+ 28. Ke4 Nd6+ 0-1

[Event "MCR zen a juniorek do 18 a 20"]
[Site "Havlickuv Brod (CZE)"]
[Date "2006.09.30"]
[Round "8.1"]
[White "Pertlova, Sona"]
[Black "Kulovana, Eva"]
[Result "0-1"]
[WhiteElo "2102"]
[BlackElo "2199"]
[PlyCount "116"]
[EventDate "2006.09.23"]

1. Nf3 Nf6 2. c4 e6 3. g3 d5 4. Bg2 dxc4 5. Qa4+ Nbd7 6. O-O a6 7. Qxc4 c5 8.
Qc2 Rb8 9. d4 b5 10. Bf4 Rb6 11. dxc5 Bxc5 12. b4 Bd6 13. Bxd6 Rxd6 14. Nbd2
Bb7 15. Rfd1 O-O 16. e4 Qb6 17. Re1 Rc8 18. Qb2 e5 19. Rac1 Rxc1 20. Rxc1 Ng4
21. Rf1 f6 22. Qa3 g6 23. h3 Nh6 24. Rc1 Nf7 25. Qc3 Rc6 26. Qb2 Rxc1+ 27. Qxc1
Qc6 28. Qxc6 Bxc6 29. Ne1 Nd6 30. f3 Nb6 31. Nd3 Nbc4 32. Nb1 Kf7 33. Kf2 f5
34. Nc5 a5 35. Ke2 a4 36. Kd3 Kf6 37. h4 h6 38. Bf1 g5 39. hxg5+ hxg5 40. Bg2
f4 41. g4 Ne3 42. Bh3 Ndc4 43. Kc3 Nd1+ 44. Kd3 Nf2+ 45. Ke2 Nxh3 46. Nd3 Ne3
47. Ne1 Nxg4 48. fxg4 Bxe4 49. Nc3 Bc6 50. Nf3 e4 51. Nd4 Bd7 52. Nxe4+ Ke5 53.
Kd3 Bxg4 54. Nc3 Bd7 55. Ndxb5 g4 56. Nd4 f3 57. Nd1 f2 58. Ne3 Nf4+ 0-1